| 000 | 005460000a22002050004500 | ||
|---|---|---|---|
| 003 | LK-CoMWRAF | ||
| 005 | 20231022115117.0 | ||
| 008 | 230817t1993 ||||| |||| 00| 0 eng d | ||
| 020 | _a1946551901 | ||
| 040 |
_aLK-CoMWRAF _dLK-CoMWRAF _eLK-CoMWRAF |
||
| 041 | _aeng | ||
| 082 |
_a294.3 _bLEV |
||
| 100 | _aLevine, Stephen | ||
| 245 | _aA Gradual Awakening | ||
| 260 |
_aBath: _bGateway Books, _c1993 |
||
| 300 |
_axviii, 173 p. _bBibliography and index included |
||
| 650 | _aMEDITATION-Buddhism | ||
| 650 | _aRelaxation-Therapy | ||
| 942 | _cBK | ||
| 999 |
_c783 _d783 |
||